00720nam a22002057a 4500999001900000005001700019010001500036020002700051035001400078037001300092082001300105100001800118245008600136260003100222270006900253300002000322500001900342942002700361952012600388 c167776d16777620190919114539.0 aENG-126494 c1095.00a9789386552914 aEN-110026 bDBAD/PUB a306.8743 aPande, Amrita aWombs In Labor :c By Amrita PandebTransnational commercial Surrogacy In India / a DelhibPrimus Booksc2018 b DelhiaVirat Bhavan, Mukherjee Nagar Commercial Complexe110009 a252p.c23cm(hb) aIncludes Index 2ddccENh306.8743mPAN 001040718NFICaDBADbMd2019-09-19eDBAD/PUBg1095.00l0o306.8743 PANpEN-110026r2019-09-19 00:00:00t1v1095.00yEN